Makoto Shinkai Filmography - Statistics

General Stats
  • This quiz has been taken 40 times
  • The average score is 5 of 7
Answer Stats
Year Answer % Correct
2016 Your Name
94%
2022 Suzume
87%
2007 5 Centimeters per Second
81%
2019 Weathering with You
77%
2013 The Garden of Words
74%
2011 Children Who Chase Lost Voices
39%
2004 The Place Promised in Our Early Days
23%
No matching quizzes found
Score Distribution
Percent of People with Each Score
Percentile by Number Answered
Your Score History
You have not taken this quiz